Sports Quiz

Random Sports or Football Quiz

Top Barclays Premier League Scorers by Nation/Continent Quiz Stats

 Plays Quiz not verified by Sporcle

Also try: Tennis #1 or Not
Challenge
Share
Tweet
Embed
Score 0/90 Timer 12:00
0 Plays Today
Country Player % Correct
EnglandAlan Shearer
94.1%
EnglandWayne Rooney
91.9%
FranceThierry Henry
91.3%
AfricasDidier Drogba
90.7%
PortugalCristiano Ronaldo
90.2%
Home NationsRobbie Keane
87%
AfricasEmmanuel Adebayor
84.3%
EnglandAndrew Cole
82.9%
HollandRobin Van Persie
82.7%
North AmericasDwight Yorke
82.7%
EnglandFrank Lampard
82.5%
SpainFernando Torres
82.5%
Home NationsRyan Giggs
81.7%
South AmericasLuis Suarez
81.5%
South AmericasSergio Aguero
80.5%
EnglandMichael Owen
78%
AfricasYaya Toure
77.2%
EnglandSteven Gerrard
75.2%
HollandRuud Van Nistelrooy
74.2%
North AmericasClint Dempsey
74.2%
EnglandRobbie Fowler
73.8%
Rest of EuropeDimitar Berbatov
73.5%
Rest of EuropeEdin Dzeko
73.5%
Asia/OceaniaPark Ji-Sung
73.4%
Asia/OceaniaMarc Viduka
72.4%
Asia/OceaniaTim Cahill
71.1%
South AmericasCarlos Tevez
68.9%
HollandDennis Bergkamp
68.1%
Asia/OceaniaHarry Kewell
66.9%
PortugalNani
66.7%
Country Player % Correct
BelgiumRomelu Lukaku
65.5%
BelgiumEden Hazard
64.6%
EnglandTeddy Sheringham
64.4%
ItalyGianfranco Zola
61.8%
SpainDavid Silva
61.4%
FranceNicholas Anelka
61%
FranceRobert Pires
60.8%
EnglandJermaine Defoe
59.8%
AfricasYakubu Aiyegbeni
59.8%
HollandJimmy Floyd Hasselbaink
58.9%
SpainCesc Fabregas
58.5%
AfricasNwankwo Kanu
57.9%
GermanyJurgen Klinsmann
57.3%
BelgiumChristian Benteke
57%
EnglandLes Ferdinand
56.7%
ScandanaviaOle-Gunnar Solskjaer
56.1%
ScandanaviaEidur Gudjohnsen
55.6%
Rest of EuropeYossi Benayoun
55.2%
FranceEric Cantona
52.2%
Home NationsCraig Bellamy
51.6%
South AmericasNolberto Solano
49.4%
North AmericasPaulo Wanchope
48.4%
GermanyMichael Ballack
48%
SpainJuan Mata
47.6%
ItalyMario Balotelli
47.4%
BrazilJuninho
45.3%
ItalyPaulo Di Canio
45.1%
BrazilOscar
44.7%
Home NationsGary Speed
41.7%
HollandDirk Kuyt
41.3%
Country Player % Correct
Rest of EuropeMilan Baros
41.3%
FranceLouis Saha
40.2%
BrazilRamires
39.4%
PortugalRicardo Carvalho
39%
GermanyLukas Podolski
38.2%
BelgiumMarouane Fellaini
37.2%
BrazilPhilippe Coutinho
37%
Home NationsDuncan Ferguson
36.2%
ScandanaviaFreddie Ljungberg
34.1%
South AmericasGus Poyet
33.5%
Rest of EuropeMarians Pahars
30.5%
ScandanaviaJohn Carew
30%
ItalyFabrizio Ravanelli
29.9%
Rest of EuropeAndrei Kanchelskis
28.3%
Rest of EuropePatrick Berger
27.8%
North AmericasJason Euell
27%
North AmericasRobbie Earle
26%
SpainMikel Arteta
24.4%
PortugalLuis Boa Morte
23.6%
BelgiumKevin Mirallas
23.3%
Asia/OceaniaBrett Emerton
18.7%
GermanyUwe Rosler
17.7%
BrazilGilberto Silva
16.5%
ItalyBenito Carbone
16.3%
ScandanaviaSteffan Iversen
16.1%
GermanyRobert Huth
15.9%
Rest of EuropeNikica Jelavic
13.9%
Rest of EuropeSavo Milosevic
13%
Rest of EuropeMuzzy Izzet
10.3%
PortugalRicardo Vaz Te
3.7%

You're not logged in!

Compare scores with friends on all Sporcle quizzes.
Join for Free
OR
Log In

You Might Also Like...

Show Comments

Extras

Top Quizzes Today


Score Distribution

Your Account Isn't Verified!

In order to create a playlist on Sporcle, you need to verify the email address you used during registration. Go to your Sporcle Settings to finish the process.

Report this User

Report this user for behavior that violates our Community Guidelines.

Details: